000 00747nam a2200277Ia 4500
003 OSt
005 20220925231736.0
006 a|||||r|||| 00| 0
007 ta
008 220923b |||||||| |||| 00| 0 eng d
020 _a0824719085
037 _cGeneral Book
040 _aRTL
_cRTL
_beng
041 _2eng
_aeng
082 _aW81, M3
100 _aStohl Michael Ed.
_9123394
245 0 _aPolitics of terrorism
250 _a2
260 _aMaroel
_bDekker
_c1983
300 _axiii, 473p
_ccm.
490 _aPublic Administration and Public Policy; 18
500 _aBibliography chapterwise
650 _aRevolution
_9230303
942 _hW81, M3
_cGB
_2CC
999 _c589359
_d589359